Normal view
MARC view
Entry Personal Name
001 - CONTROL NUMBER
- control field: 7009
003 - CONTROL NUMBER IDENTIFIER
- control field: BD-RjUL
005 - DATE AND TIME OF LATEST TRANSACTION
- control field: 20230215145902.0
008 - FIXED-LENGTH DATA ELEMENTS
- fixed length control field: 230215|| aca||aabn | a|a d
040 ## - CATALOGING SOURCE
- Original cataloging agency: BD-RjUL
- Transcribing agency: BD-RjUL
100 ## - HEADING--PERSONAL NAME
- Personal name: Faruki, Muhammad. Jakir, Al
670 ## - SOURCE DATA FOUND
- Source citation: Work cat.: (BD-RjUL)81239: Faruki, Muhammad. Jakir, Al, Resource mobilization in local Government institution in Bangladesh :, 2012